| 000 | 00474nam a2200181Ia 4500 | ||
|---|---|---|---|
| 003 | GCL | ||
| 008 | 140319s9999 xx 000 0 aRus d | ||
| 040 |
_aGCL / _cGCL |
||
| 082 | 0 | 4 |
_a860.9 _bS L |
| 100 | 1 | _aSALINOS, PEDRO | |
| 245 | 1 | 0 |
_aLITERATURA ESPANOLA SIGLO XX / _cSALINOS, PEDRO |
| 260 |
_a[S.N] : _bALIANZA EDITORIAL ، _c1985 |
||
| 300 | _a221P | ||
| 650 | 0 | 4 | _aLITERATURE |
| 650 | 0 | 4 | _aHISTORY AND CRITICISM |
| 650 | 0 | 4 | _aSPANISH LITERATURE |
| 942 |
_2ddc _cBK |
||
| 999 |
_c11153 _d11153 |
||